000 00319nam a22001457a 4500
020 _a978-93-53-909215
082 _a894.812
_bIND8D
100 _aINDUGOPAN G.R
245 _aDTECTIVE PRABHAKARN
260 _aKOTTAYAM
_bDC BOOKS
_c2022
300 _a382
520 _aSHORT STORY
650 _aSHORT STORY
942 _cBK
999 _c7103
_d7103